000 00430nam a22001697a 4500
003 UA-OsUOA
001 4613
007 ta
008 20050721b un ||||| |||| 00| 0 ukr d
100 _aМисько
700 _aА. С.
942 _cBK
040 _aUA-OsUOA
_cUA-OsUOA
_dUA-OsUOA
245 _aНімецькі запозичення 1 пол. ХХ ст. в британ. варіа
_bBA Paper
955 _a2
650 7 _2UDC
999 _c290775
_d290775